| 000 | 01483cam a2200349 i 4500 | ||
|---|---|---|---|
| 001 | 17956277 | ||
| 003 | USPCAS-E | ||
| 005 | 20180118181412.0 | ||
| 008 | 131127s2014 enkab b 001 0 eng | ||
| 010 | _a 2013046563 | ||
| 020 | _a9781783263271 (hardcover : alk. paper) | ||
| 020 | _a9781783263288 (softcover : alk. paper) | ||
| 040 |
_aDLC _beng _cDLC _erda _dD LC |
||
| 042 | _apcc | ||
| 050 | 0 | 0 |
_aTP156.S45 _bS62 2014 |
| 082 | 0 | 0 |
_a660.2842 _223 _bSMI-I 2014 |
| 100 | 1 |
_aSmit, Berend, _d1962- _eauthor. |
|
| 245 | 1 | 0 |
_aIntroduction to carbon capture and sequestration / _cby Berend Smit (University of California, Berkeley, USA), Jeffrey A. Reimer (University of California, Berkeley, USA), Curtis M. Oldenburg (Lawrence Berkeley National Laboratory, USA), Ian C. Bourg (Lawrence Berkeley National Laboratory, USA). |
| 260 |
_aLondon _bImperial college press _c2014 |
||
| 300 |
_axv, 580 pages : _billustrations some color, color maps ; _c23 cm. |
||
| 490 | 0 |
_aThe Berkeley lectures on energy ; _vvol. 1 |
|
| 502 | _a0 | ||
| 504 | _aIncludes bibliographical references and index. | ||
| 650 | 0 | _aCarbon sequestration. | |
| 650 | 0 | _aSeparation (Technology) | |
| 700 | 1 |
_aReimer, Jeffrey A., _eauthor. |
|
| 700 | 1 |
_aOldenburg, Curtis M., _eauthor. |
|
| 700 | 1 |
_aBourg, Ian C., _eauthor. |
|
| 906 |
_a7 _bcbc _corignew _d1 _eecip _f20 _gy-gencatlg |
||
| 942 |
_2ddc _cBK |
||
| 999 |
_c355757 _d355757 |
||